| 000 | 00890nam a2200181 i 4500 | ||
|---|---|---|---|
| 001 | 152866 | ||
| 003 | ES-MaACL | ||
| 005 | 20251217063019.0 | ||
| 008 | 931025s1873 sp |||| | spa d | ||
| 040 |
_aPAB _bspa _cPAB |
||
| 100 | 1 |
_aBurgos, Javier de, _d1842-1902 _9139909 |
|
| 245 | 1 | 0 |
_aZampillaerostation ó Jalon y Lila y la niña boba _b: a propósito bufo cómico-lírico-gimnástico en un acto y en verso / _coriginal de Javier de Burgos. |
| 260 |
_aMadrid : _b[Administracion Lirico-Dramática], _c1873 ( _eCadiz : _fImp. a cargo de Ramon Macias) |
||
| 300 |
_a27 p. ; _c20 cm. |
||
| 596 | 1 | _aEditor tomado de la cub. | |
| 852 |
_aES-MaACL _jF-8577(7) _z-- Enc. pasta española falto de la cub. original _z-- Enc. en un vol. facticio, formando parte de la col. facticia "Teatro español moderno", vol. 30 _z.- Dedicatoria autógrafa del autor |
||
| 999 |
_c152866 _d152866 |
||